00745nam a22002177a 4500003000500000005001700005008004100022010001000063011001000073035001000083040000900093082001500102100001900117245014600136260007700282300001100359490005800370650002800428650001300456830005800469CHAP20220329133858.0971013s1922 r 00010 d a12164 a13136 a17207 cCHAP a338.01bG400aGeorge, Henry. aprogreso y misería; indagación acerca de las crisis industriales y del aumento de la miseria al par del aumento de la riqueza; el remedio aMadrid :bFrancisco Beltrán, Librería Española y Extranjera,c1922 a502 p. aBiblioteca moderna de filosofía y ciencias sociales14aCostos y nivel de vida.14aRiqueza.0 aBiblioteca moderna de filosofía y ciencias sociales